000 00814nmc a2200325 a 4500
003 AR-BaBNM
005 20251128211701.0
008 275020s2005 ||||||||||||||000 | spa||
020 _a950-07-2643-2
040 _cAR-BaBNM
100 1 _aBustamante, Nelvy
245 1 0 _aCuentan en la Patagonia
250 _a1ª ed.
260 _aBuenos Aires
_bSudamericana
_c2005
300 0 _a61 p.
_bil.
490 0 _aCuentamérica
650 4 _aLITERATURA ARGENTINA
650 4 _aLIBROS PARA NINOS
650 4 _aLITERATURA INFANTIL
650 4 _aLEYENDAS
650 4 _aTRADICION ORAL
650 4 _aLITERATURA FOLKLORICA
650 4 _aABORIGENES ARGENTINOS
651 4 _aPatagonia
655 _aLITERATURA
700 1 _aNine, Lucas
_eilustrador
800 0 _aCanela
942 _cBK
998 _cmartin
999 _c20705
_d20705